| 000 | 01556cam a22003011i 4500 | ||
|---|---|---|---|
| 003 | SA-RiAUC | ||
| 005 | 20250612061008.0 | ||
| 008 | 250605s1992 tu g i10000 ara c | ||
| 020 | _a9290632046 | ||
| 040 |
_aSA-RiAUC _bara _cSA-RiAUC _erda |
||
| 041 | 1 |
_aara _aeng |
|
| 082 | 0 | 4 | _a953.0072 |
| 090 |
_a953.0072 _bن د و |
||
| 111 | 2 |
_aالندوة الدولية حول الدراسات والأبحاث العلمية في الحضارة الإسلامية نظرة على العقد القادم _d( 1988 : _cإسطنبول، تركيا) |
|
| 245 | 1 | 2 |
_aالدراسات والأبحاث العلمية في الحضارة الإسلامية : _bنظرة على العقد القادم / _cتحرير وإشراف وتقديم أكمل الدين إحسان أوغلي، أحمد العجيمي، زينب دوروقال. |
| 264 | 1 |
_aاستانبول، تركيا : _bمركز الأبحاث للتاريخ والفنون والثقافة الإسلامية، _c1992 |
|
| 300 |
_a183،112 صفحة ؛ _c24 سم |
||
| 336 |
_aنص _btxt _2rdacontent _3كتاب |
||
| 337 |
_aبدون وسيط _bn _2rdamedia |
||
| 338 |
_aمجلد _bnc _2rdacarrier |
||
| 546 | _aبحوث باللغة العربية والإنجليزية. | ||
| 650 | 7 |
_aالحضارة الإسلامية _xبحوث _2aucsh |
|
| 700 | 1 |
_aإحسان أوغلي، أكمل الدين، _d1943- _eمحرر. |
|
| 700 | 1 |
_aالعجيمي، أحمد _eمحرر. |
|
| 700 | 1 |
_aدوروقال، زينب _eمحرر. |
|
| 942 |
_2ddc _cBOOK _n0 |
||
| 949 |
_aSA-JeALM _d250605 _umohamedma123 _n1 |
||
| 999 |
_c8878 _d8878 |
||